00386nam a2200121Ia 4500008004100000024003400041082001800075100003700093245004900130260002600179600002100205650003800226260210s9999 xx 000 0 und d a02A-BS-01 & 02A-BS-37 a005.74072 RAZ aRazi Uddin Khan & Irfan Baig 0aPakistan Cricket Board Team Selection System aKarachi:bUITU,c2002 aComputer Science aBachelor of Computer Science (BS)